| 000 -LEADER |
| fixed length control field |
00410cam a22001337a 4500 |
| 008 - FIXED-LENGTH DATA ELEMENTS--GENERAL INFORMATION |
| fixed length control field |
180718b2008 xxu||||| |||| 00| 0 eng d |
| 020 ## - INTERNATIONAL STANDARD BOOK NUMBER |
| International Standard Book Number |
9788131601693 |
| 082 ## - DEWEY DECIMAL CLASSIFICATION NUMBER |
| Classification number |
B73x54 C429p |
| 100 ## - MAIN ENTRY--PERSONAL NAME |
| Personal name |
Chhetri, Hariprasad |
| 245 ## - TITLE STATEMENT |
| Title |
Panchayati raj system and development planning:the case of Sikkim |
| Statement of responsibility, etc. |
by Hariprasad Chhetri |
| 260 ## - PUBLICATION, DISTRIBUTION, ETC. |
| Place of publication, distribution, etc. |
Jaipur |
| Name of publisher, distributor, etc. |
Rawat |
| Date of publication, distribution, etc. |
2008 |
| 300 ## - PHYSICAL DESCRIPTION |
| Extent |
302p. |
| 650 ## - SUBJECT ADDED ENTRY--TOPICAL TERM |
| Topical term or geographic name entry element |
Panchayat - India - Sikkim |